[Event "Montcalm II 2004-05"]
[Site "Quebec CAN"]
[Date "2004.11.04"]
[Round "4"]
[White "Sauve, Richard"]
[Black "Godbout, Mathieu"]
[Result "1-0"]
[WhiteElo "1963"]
[BlackElo "1875"]
[PlyCount "53"]
[GameId "2160767911061012"]
[EventDate "2004.10.14"]
[EventType "swiss"]
[EventRounds "5"]
[EventCountry "CAN"]
[SourceTitle "EXT 2006"]
[Source "ChessBase"]
[SourceDate "2005.11.24"]
[SourceVersion "1"]
[SourceVersionDate "2005.11.24"]
[SourceQuality "1"]

1. d4 f5 2. g3 Nf6 3. Bg2 g6 4. Nf3 Bg7 5. b3 O-O 6. Bb2 d6 7. Nbd2 Ne4 8. O-O Na6 9. c4 c6 10. e3 Qe8 11. Qe2 h6 12. Nxe4 fxe4 13. Nd2 d5 14. cxd5 cxd5 15. f3 Bd7 16. fxe4 Rxf1+ 17. Bxf1 dxe4 18. Nxe4 Rc8 19. Rc1 Rxc1 20. Bxc1 e5 21. Nd6 Qb8 22. Qc4+ Kh7 23. dxe5 Nc7 24. Bd3 Ne6 25. Qe4 Ng5 26. Qxg6+ Kg8 27. Bc4+ 1-0

[Event "Montcalm II 2004-05"]
[Site "Quebec CAN"]
[Date "2004.11.11"]
[Round "5"]
[White "Auger, Bertrand"]
[Black "Berube, Antoine"]
[Result "0-1"]
[WhiteElo "2023"]
[BlackElo "2075"]
[PlyCount "66"]
[GameId "2160767911061013"]
[EventDate "2004.10.14"]
[EventType "swiss"]
[EventRounds "5"]
[EventCountry "CAN"]
[SourceTitle "EXT 2006"]
[Source "ChessBase"]
[SourceDate "2005.11.24"]
[SourceVersion "1"]
[SourceVersionDate "2005.11.24"]
[SourceQuality "1"]

1. Nf3 d5 2. d4 Nf6 3. g3 c6 4. Bg2 Bf5 5. O-O Nbd7 6. b3 e6 7. Bb2 Bd6 8. c4 O-O 9. Nbd2 Qe7 10. a3 h6 11. Re1 Rad8 12. Nh4 g5 13. Nxf5 exf5 14. g4 Nxg4 15. e4 Bxh2+ 16. Kf1 dxe4 17. Nxe4 fxe4 18. Rxe4 Qd6 19. c5 Qg6 20. Rxg4 f5 21. Qc2 Qf7 22. Rg3 Bxg3 23. fxg3 f4 24. Kg1 fxg3 25. Rf1 Qe6 26. Qc3 Rxf1+ 27. Bxf1 Qf5 28. Bc4+ Kf8 29. Qxg3 Nf6 30. Qc7 Qg4+ 31. Kh1 Qe4+ 32. Kg1 Qe7 33. Qg3 Nd5 0-1

[Event "Montcalm II 2004-05"]
[Site "Quebec CAN"]
[Date "2004.11.11"]
[Round "5"]
[White "Bourassa, Andre"]
[Black "Hebert, Andre jr"]
[Result "1/2-1/2"]
[WhiteElo "1651"]
[BlackElo "1666"]
[PlyCount "41"]
[GameId "2160767911061014"]
[EventDate "2004.10.14"]
[EventType "swiss"]
[EventRounds "5"]
[EventCountry "CAN"]

1. d4 Nf6 2. c4 g6 3. Nc3 d5 4. cxd5 Nxd5 5. e4 Nxc3 6. bxc3 Bg7 7. Bc4 O-O 8. Ne2 c5 9. Be3 Nc6 10. O-O Qa5 11. Qb3 cxd4 12. cxd4 Qd8 13. Qd1 b6 14. Rc1 Bb7 15. Bd5 Rc8 16. Qa4 Qd7 17. Rc2 e6 18. Bb3 Rfd8 19. d5 exd5 20. Bxd5 Na5 21. Qxd7 1/2-1/2

[Event "Montcalm II 2004-05"]
[Site "Quebec CAN"]
[Date "2004.11.11"]
[Round "5"]
[White "Godbout, Mathieu"]
[Black "Dion, Jean-Francois"]
[Result "0-1"]
[WhiteElo "1875"]
[BlackElo "1921"]
[PlyCount "58"]
[GameId "2160767911061015"]
[EventDate "2004.10.14"]
[EventType "swiss"]
[EventRounds "5"]
[EventCountry "CAN"]
[SourceTitle "EXT 2006"]
[Source "ChessBase"]
[SourceDate "2005.11.24"]
[SourceVersion "1"]
[SourceVersionDate "2005.11.24"]
[SourceQuality "1"]

1. c4 Nf6 2. Nc3 g6 3. e4 d6 4. d4 Bg7 5. f4 O-O 6. Nf3 Nbd7 7. Bd3 c5 8. d5 a6 9. O-O Qc7 10. a4 b6 11. h3 e6 12. Re1 Bb7 13. Be3 exd5 14. cxd5 Rfe8 15. Bf2 c4 16. Bc2 Nc5 17. Bg3 Nfd7 18. Kh1 Re7 19. Qe2 Bxc3 20. bxc3 Bxd5 21. e5 dxe5 22. fxe5 Qb7 23. Rad1 b5 24. a5 Rae8 25. Qe3 Bxf3 26. gxf3 f6 27. Rd6 Rxe5 28. Bxe5 Rxe5 29. Qd2 Qxf3+ 0-1

[Event "Montcalm II 2004-05"]
[Site "Quebec CAN"]
[Date "2004.11.11"]
[Round "5"]
[White "L'Heureux, Clement"]
[Black "Lessard, Claude"]
[Result "1/2-1/2"]
[WhiteElo "1981"]
[BlackElo "1980"]
[PlyCount "112"]
[GameId "2160767911061016"]
[EventDate "2004.10.14"]
[EventType "swiss"]
[EventRounds "5"]
[EventCountry "CAN"]
[SourceTitle "EXT 2006"]
[Source "ChessBase"]
[SourceDate "2005.11.24"]
[SourceVersion "1"]
[SourceVersionDate "2005.11.24"]
[SourceQuality "1"]

1. d4 Nf6 2. c4 c5 3. d5 b5 4. cxb5 a6 5. e3 g6 6. Nc3 Bg7 7. Be2 d6 8. Nf3 O-O 9. O-O axb5 10. Bxb5 Bg4 11. Qe2 Nbd7 12. h3 Bxf3 13. Qxf3 Qb6 14. a4 Ne5 15. Qe2 c4 16. Bd2 Rfc8 17. Rfb1 Nh5 18. g4 Nf6 19. Kg2 e6 20. f4 Nd3 21. e4 exd5 22. exd5 Ra7 23. b3 Re7 24. Qf3 Ne4 25. Be3 Bd4 26. Nxe4 Bxe3 27. bxc4 Nxf4+ 28. Kh1 Qd4 29. Nxd6 Rd8 30. Rd1 Nd3 31. Ra2 Rxd6 32. c5 Rf6 33. Rxd3 Rxf3 34. Rxd4 Bxd4 35. d6 Re1+ 36. Kg2 Rc3 37. c6 Rec1 38. c7 R1c2+ 39. Rxc2 Rxc2+ 40. Kf3 Bb6 41. Ke4 Kf8 42. Ba6 Bxc7 43. dxc7 Rxc7 44. Kd5 Ke7 45. Bb5 g5 46. a5 Rc3 47. a6 Kd8 48. Bc4 Kc7 49. Kd4 Rxh3 50. Bxf7 Kb6 51. Ke4 Kxa6 52. Kf5 h6 53. Bh5 Rb3 54. Kg6 Rb6+ 55. Kg7 Rb4 56. Kxh6 Rxg4 1/2-1/2

[Event "Montcalm II 2004-05"]
[Site "Quebec CAN"]
[Date "2004.11.11"]
[Round "5"]
[White "Plante, Rejean"]
[Black "Audet-Bouchard, Nicolas"]
[Result "1-0"]
[WhiteElo "2052"]
[BlackElo "2152"]
[PlyCount "111"]
[GameId "2160767911061017"]
[EventDate "2004.10.14"]
[EventType "swiss"]
[EventRounds "5"]
[EventCountry "CAN"]
[SourceTitle "EXT 2006"]
[Source "ChessBase"]
[SourceDate "2005.11.24"]
[SourceVersion "1"]
[SourceVersionDate "2005.11.24"]
[SourceQuality "1"]

1. c4 e5 2. Nc3 Nf6 3. g3 d6 4. Bg2 c6 5. d4 Nbd7 6. e4 Be7 7. Nge2 O-O 8. O-O Re8 9. d5 cxd5 10. cxd5 a5 11. Be3 Ng4 12. Bd2 Nc5 13. h3 Nf6 14. Be3 Nfd7 15. Qd2 b6 16. Nb5 Rf8 17. g4 Ba6 18. Nec3 h5 19. Rfd1 hxg4 20. hxg4 Nf6 21. f3 Nh7 22. Bf1 Bg5 23. Bxg5 Nxg5 24. Kg2 Qf6 25. Be2 g6 26. Qe3 Bxb5 27. Nxb5 Kg7 28. Rh1 Rh8 29. Raf1 Rad8 30. Rxh8 Kxh8 31. Na3 Kg7 32. Rh1 Rh8 33. Rxh8 Kxh8 34. Bb5 Qd8 35. Nc4 f6 36. Nd2 Kg7 37. Qg1 Qh8 38. Qh2 Qc8 39. Qg3 Qc7 40. Qf2 Kf8 41. Qh4 Kg7 42. b3 Nf7 43. Qh1 g5 44. Nf1 Nb7 45. Ne3 Nh6 46. Bc6 Nd8 47. Qc1 Kf8 48. Qc4 Ke7 49. Ba4 Qb8 50. Qb5 Kf7 51. Qe8+ Kg7 52. Qe7+ Ndf7 53. Be8 Qc8 54. Bxf7 Nxf7 55. Nf5+ Kg6 56. Qxf7+ 1-0

[Event "Montcalm II 2004-05"]
[Site "Quebec CAN"]
[Date "2004.11.11"]
[Round "5"]
[White "Poliquin, Yvone"]
[Black "Caron, Sebastien"]
[Result "1-0"]
[WhiteElo "1875"]
[BlackElo "1819"]
[PlyCount "37"]
[GameId "2160767911061018"]
[EventDate "2004.10.14"]
[EventType "swiss"]
[EventRounds "5"]
[EventCountry "CAN"]
[SourceTitle "EXT 2006"]
[Source "ChessBase"]
[SourceDate "2005.11.24"]
[SourceVersion "1"]
[SourceVersionDate "2005.11.24"]
[SourceQuality "1"]

1. e4 c5 2. Nf3 d6 3. d4 cxd4 4. Nxd4 Nf6 5. Nc3 a6 6. Bg5 e6 7. f4 Be7 8. Qf3 Qc7 9. O-O-O b5 10. Bxf6 gxf6 11. e5 Bb7 12. Qh5 b4 13. Nxe6 Qc8 14. Ng7+ Kf8 15. Qh6 bxc3 16. exf6 cxb2+ 17. Kb1 Bxf6 18. Nf5+ Kg8 19. Qxf6 1-0

[Event "Montcalm II 2004-05"]
[Site "Quebec CAN"]
[Date "2004.11.11"]
[Round "5"]
[White "Valley, Michel"]
[Black "Sauve, Richard"]
[Result "0-1"]
[WhiteElo "1898"]
[BlackElo "1963"]
[PlyCount "52"]
[GameId "2160767911061019"]
[EventDate "2004.10.14"]
[EventType "swiss"]
[EventRounds "5"]
[EventCountry "CAN"]
[SourceTitle "EXT 2006"]
[Source "ChessBase"]
[SourceDate "2005.11.24"]
[SourceVersion "1"]
[SourceVersionDate "2005.11.24"]
[SourceQuality "1"]

1. d4 e6 2. c4 d5 3. Nf3 c6 4. Nc3 dxc4 5. a4 Bb4 6. e4 b5 7. Be2 Bb7 8. Qc2 a6 9. O-O Nf6 10. Bg5 h6 11. Bh4 Nbd7 12. Rfd1 Qb6 13. Nd2 O-O 14. e5 Nd5 15. Nde4 c5 16. dxc5 Bxc5 17. Nxc5 Nxc5 18. Nxd5 exd5 19. axb5 axb5 20. Bf3 Rxa1 21. Rxa1 Re8 22. Bg3 d4 23. Bg4 d3 24. Qd1 Ne4 25. Qe1 Nxg3 26. hxg3 Qd4 0-1

[Event "Montcalm III 2004-05"]
[Site "Quebec CAN"]
[Date "2004.11.18"]
[Round "1"]
[White "Chevalier, Philippe"]
[Black "Sauve, Richard"]
[Result "0-1"]
[WhiteElo "1564"]
[BlackElo "2041"]
[PlyCount "40"]
[GameId "2160767911052515"]
[EventDate "2004.11.18"]
[EventType "swiss"]
[EventRounds "5"]
[EventCountry "CAN"]
[SourceTitle "EXT 2006"]
[Source "ChessBase"]
[SourceDate "2005.11.24"]
[SourceVersion "1"]
[SourceVersionDate "2005.11.24"]
[SourceQuality "1"]

1. e4 e6 2. d4 d5 3. Nd2 Nf6 4. e5 Nfd7 5. Ndf3 c5 6. c3 Nc6 7. Be3 cxd4 8. cxd4 Bb4+ 9. Bd2 Be7 10. Ne2 O-O 11. g4 f6 12. Nf4 Ndxe5 13. dxe5 fxe5 14. Nxe5 Nxe5 15. Qe2 Bd6 16. Bg2 Qf6 17. g5 Qxg5 18. h4 Qf6 19. Rg1 Bd7 20. O-O-O Qf5 0-1

[Event "Montcalm III 2004-05"]
[Site "Quebec CAN"]
[Date "2004.11.18"]
[Round "1"]
[White "Dumont, Eric"]
[Black "Auger, Bertrand"]
[Result "1/2-1/2"]
[WhiteElo "1502"]
[BlackElo "1946"]
[PlyCount "90"]
[GameId "2160767911052516"]
[EventDate "2004.11.18"]
[EventType "swiss"]
[EventRounds "5"]
[EventCountry "CAN"]
[SourceTitle "EXT 2006"]
[Source "ChessBase"]
[SourceDate "2005.11.24"]
[SourceVersion "1"]
[SourceVersionDate "2005.11.24"]
[SourceQuality "1"]

1. e4 e6 2. f4 d5 3. exd5 exd5 4. Nf3 Nf6 5. Be2 Bd6 6. d3 O-O 7. O-O c5 8. Nc3 Nc6 9. Bd2 Re8 10. Re1 a6 11. Bf1 Bd7 12. Rxe8+ Bxe8 13. a3 Qc7 14. g3 Bd7 15. Bg2 Re8 16. Qf1 b5 17. Re1 Rd8 18. Kh1 b4 19. Nb1 a5 20. b3 c4 21. a4 cxb3 22. cxb3 d4 23. Rc1 Qb6 24. Be1 Nd5 25. Bf2 Ne3 26. Qg1 Nxg2 27. Kxg2 Be6 28. Nbd2 Bd5 29. h3 Re8 30. Qd1 Qb7 31. Kh2 Qb8 32. Nc4 Bc7 33. Rc2 Re7 34. Nxd4 Nxd4 35. Bxd4 Bxf4 36. Qg4 Bh6 37. Nd6 Be6 38. Nf5 Bxf5 39. Qxf5 Rc7 40. Rc4 Rxc4 41. dxc4 Qd8 42. Qd5 Bg5 43. Bb6 Qxb6 44. Qxg5 Qf2+ 45. Kh1 Qf1+ 1/2-1/2

[Event "Montcalm III 2004-05"]
[Site "Quebec CAN"]
[Date "2004.11.18"]
[Round "1"]
[White "L'Heureux, Clement"]
[Black "Bender, Karl"]
[Result "1-0"]
[WhiteElo "2051"]
[BlackElo "1591"]
[PlyCount "83"]
[GameId "2160767911052517"]
[EventDate "2004.11.18"]
[EventType "swiss"]
[EventRounds "5"]
[EventCountry "CAN"]
[SourceTitle "EXT 2006"]
[Source "ChessBase"]
[SourceDate "2005.11.24"]
[SourceVersion "1"]
[SourceVersionDate "2005.11.24"]
[SourceQuality "1"]

1. e4 c5 2. Nf3 d6 3. d4 cxd4 4. Nxd4 Nf6 5. Nc3 g6 6. Be2 Bg7 7. O-O Nc6 8. Be3 O-O 9. Qd2 Re8 10. f3 Bd7 11. Nb3 Rc8 12. Kh1 Qc7 13. Nb5 Qb8 14. c3 a6 15. N5d4 Ne5 16. Rfd1 Nc4 17. Bxc4 Rxc4 18. Qf2 Ba4 19. Rac1 Rcc8 20. g4 Nd7 21. Nc2 Ne5 22. Nd2 Nd3 23. Qf1 Nxc1 24. Rxc1 Bxc3 25. bxc3 Rxc3 26. Nb3 Bxb3 27. axb3 Rxb3 28. Qc4 Rb5 29. Na3 Rb2 30. Bh6 Rxh2+ 31. Kxh2 d5+ 32. Qc7 Qxc7+ 33. Rxc7 dxe4 34. fxe4 b5 35. e5 b4 36. Nc4 f5 37. gxf5 gxf5 38. e6 b3 39. Rb7 Kh8 40. Rxb3 Rg8 41. Ne5 Re8 42. Rg3 1-0

[Event "Montcalm III 2004-05"]
[Site "Quebec CAN"]
[Date "2004.11.18"]
[Round "1"]
[White "Lessard, Claude"]
[Black "Cummins, Paul"]
[Result "1-0"]
[WhiteElo "1948"]
[BlackElo "1546"]
[PlyCount "63"]
[GameId "2160767911052518"]
[EventDate "2004.11.18"]
[EventType "swiss"]
[EventRounds "5"]
[EventCountry "CAN"]
[SourceTitle "EXT 2006"]
[Source "ChessBase"]
[SourceDate "2005.11.24"]
[SourceVersion "1"]
[SourceVersionDate "2005.11.24"]
[SourceQuality "1"]

1. d4 d5 2. c4 e6 3. Nf3 c6 4. g3 Nf6 5. Bg2 Nbd7 6. O-O Bd6 7. Nbd2 b6 8. cxd5 cxd5 9. e4 dxe4 10. Ng5 Ba6 11. Ngxe4 Nxe4 12. Nxe4 Be7 13. Re1 Bc4 14. Qa4 Bd5 15. Nd6+ Kf8 16. Bxd5 exd5 17. Nf5 Bf6 18. Bf4 g6 19. Qb4+ Kg8 20. Nh6+ Kg7 21. Ng4 h5 22. Ne3 a5 23. Qb5 Bxd4 24. Nxd5 Nf6 25. Bg5 Re8 26. Rxe8 Qxe8 27. Qc4 Bxb2 28. Rb1 Rc8 29. Nxf6 Bxf6 30. Bxf6+ Kxf6 31. Qd4+ Qe5 32. Rxb6+ 1-0

[Event "Montcalm III 2004-05"]
[Site "Quebec CAN"]
[Date "2004.11.18"]
[Round "1"]
[White "Pelletier, Daniel"]
[Black "Bourassa, Andre"]
[Result "0-1"]
[WhiteElo "1331"]
[BlackElo "1721"]
[PlyCount "100"]
[GameId "2160767911052519"]
[EventDate "2004.11.18"]
[EventType "swiss"]
[EventRounds "5"]
[EventCountry "CAN"]
[SourceTitle "EXT 2022"]
[Source "ChessBase"]
[SourceDate "2021.10.06"]
[SourceVersion "1"]
[SourceVersionDate "2021.10.06"]
[SourceQuality "1"]

1. e4 c5 2. Nf3 d6 3. d4 cxd4 4. Nxd4 Nf6 5. Nc3 a6 6. Be2 e6 7. O-O b5 8. a3 Bb7 9. Bf3 Qc7 10. Re1 Nbd7 11. Nb3 Ne5 12. Bf4 Nc4 13. Rb1 Rd8 14. Nd2 Nxa3 15. Ra1 Nc4 16. Nxc4 Qxc4 17. Qd3 Qxd3 18. cxd3 Be7 19. d4 Nd7 20. Rad1 O-O 21. d5 e5 22. Be3 Rc8 23. Bg4 Rc7 24. Bxd7 Rxd7 25. Ne2 Rc8 26. Rc1 Rdc7 27. Rxc7 Rxc7 28. Rc1 Rxc1+ 29. Nxc1 Bd8 30. Nb3 f5 31. f3 Kf7 32. Kf1 f4 33. Bd2 Bb6 34. Na5 Bc8 35. Bb4 Bc5 36. Bd2 Ke7 37. b4 Bb6 38. g3 Bh3+ 39. Ke2 g5 40. g4 Bg1 41. Nc6+ Kd7 42. Be1 Bxh2 43. Bf2 Ke8 44. Nb8 h5 45. gxh5 g4 46. fxg4 Bxg4+ 47. Kd3 Bxh5 48. Nxa6 Kd7 49. Nb8+ Kc7 50. Na6+ Kb7 0-1

[Event "Montcalm III 2004-05"]
[Site "Quebec CAN"]
[Date "2004.11.18"]
[Round "1"]
[White "Theriault, Francis"]
[Black "Berube, Antoine"]
[Result "0-1"]
[WhiteElo "1631"]
[BlackElo "2099"]
[PlyCount "23"]
[GameId "2160767911052520"]
[EventDate "2004.11.18"]
[EventType "swiss"]
[EventRounds "5"]
[EventCountry "CAN"]
[SourceTitle "EXT 2006"]
[Source "ChessBase"]
[SourceDate "2005.11.24"]
[SourceVersion "1"]
[SourceVersionDate "2005.11.24"]
[SourceQuality "1"]

1. d4 d5 2. c4 c6 3. Nc3 Nf6 4. Bg5 dxc4 5. e4 b5 6. Nf3 b4 7. e5 bxc3 8. exf6 exf6 9. Bf4 cxb2 10. Rb1 Bb4+ 11. Bd2 c3 12. Rxb2 0-1

[Event "Montcalm III 2004-05"]
[Site "Quebec CAN"]
[Date "2004.11.25"]
[Round "2"]
[White "Berube, Antoine"]
[Black "Hebert, Marc"]
[Result "1-0"]
[WhiteElo "2099"]
[BlackElo "1787"]
[PlyCount "69"]
[GameId "2160767911052521"]
[EventDate "2004.11.18"]
[EventType "swiss"]
[EventRounds "5"]
[EventCountry "CAN"]
[SourceTitle "EXT 2006"]
[Source "ChessBase"]
[SourceDate "2005.11.24"]
[SourceVersion "1"]
[SourceVersionDate "2005.11.24"]
[SourceQuality "1"]

1. d4 Nf6 2. c4 e6 3. Nc3 d5 4. cxd5 exd5 5. Bg5 Be7 6. e3 c6 7. Bd3 Nbd7 8. Qc2 h6 9. Bh4 O-O 10. Nf3 Re8 11. O-O Ne4 12. Bxe7 Qxe7 13. b4 Ndf6 14. b5 Nxc3 15. Qxc3 Bd7 16. bxc6 Bxc6 17. Rfc1 Ne4 18. Qb2 Rad8 19. Ne5 Rd6 20. Nxc6 bxc6 21. Bxe4 Qxe4 22. Qb7 Rg6 23. g3 Ree6 24. Qxa7 h5 25. Qb8+ Kh7 26. Qf4 Qxf4 27. exf4 Re4 28. a4 Rxd4 29. a5 Rb4 30. a6 Rb8 31. a7 Ra8 32. Rcb1 d4 33. Rb8 Rxa7 34. Rxa7 Rd6 35. Kf1 1-0

[Event "Montcalm III 2004-05"]
[Site "Quebec CAN"]
[Date "2004.11.25"]
[Round "2"]
[White "Bourassa, Andre"]
[Black "Laflamme, Simon"]
[Result "0-1"]
[WhiteElo "1721"]
[BlackElo "1912"]
[PlyCount "70"]
[GameId "2160767911052522"]
[EventDate "2004.11.18"]
[EventType "swiss"]
[EventRounds "5"]
[EventCountry "CAN"]
[SourceTitle "EXT 2006"]
[Source "ChessBase"]
[SourceDate "2005.11.24"]
[SourceVersion "1"]
[SourceVersionDate "2005.11.24"]
[SourceQuality "1"]

1. d4 Nf6 2. c4 Nc6 3. Nf3 e6 4. Nc3 Bb4 5. Qc2 O-O 6. Bd2 d6 7. e4 e5 8. d5 Nd4 9. Qd3 Re8 10. h3 Bxc3 11. bxc3 Nxf3+ 12. Qxf3 Nd7 13. Bd3 Nc5 14. Bc2 Bd7 15. O-O Qc8 16. Rfe1 Rf8 17. Qg3 f5 18. f4 fxe4 19. fxe5 Bf5 20. exd6 cxd6 21. Qxd6 Rf6 22. Qe5 Bxh3 23. Bxe4 Nxe4 24. Rxe4 Rg6 25. g3 Qc5+ 26. Be3 Qa3 27. Re1 Qxa2 28. Bf2 Rf8 29. Rf4 Rxf4 30. Qxf4 Rf6 31. Qe3 Qxc4 32. Kh2 Qxd5 33. Kxh3 Rh6+ 34. Kg4 Qh5+ 35. Kf4 Rf6+ 0-1

[Event "Montcalm III 2004-05"]
[Site "Quebec CAN"]
[Date "2004.11.25"]
[Round "2"]
[White "Caron, Sebastien"]
[Black "L'Heureux, Clement"]
[Result "1-0"]
[WhiteElo "1785"]
[BlackElo "2051"]
[PlyCount "66"]
[GameId "2160767911052523"]
[EventDate "2004.11.18"]
[EventType "swiss"]
[EventRounds "5"]
[EventCountry "CAN"]
[SourceTitle "EXT 2006"]
[Source "ChessBase"]
[SourceDate "2005.11.24"]
[SourceVersion "1"]
[SourceVersionDate "2005.11.24"]
[SourceQuality "1"]

1. e4 e5 2. Nf3 Nc6 3. Bb5 a6 4. Ba4 Nf6 5. O-O Be7 6. Re1 b5 7. Bb3 d6 8. c3 O-O 9. h3 Na5 10. Bc2 c5 11. d4 Qc7 12. d5 Nb7 13. Nbd2 Bd7 14. b3 a5 15. c4 a4 16. bxa4 bxa4 17. Nf1 Rfb8 18. Qd3 Na5 19. Ne3 g6 20. Bd2 Nxe4 21. Qxe4 f5 22. Qd3 e4 23. Qe2 exf3 24. Qxf3 Bf6 25. g4 Bxa1 26. Rxa1 Nb3 27. axb3 axb3 28. Rxa8 bxc2 29. Rxb8+ Qxb8 30. Nxc2 Qb1+ 31. Ne1 Qa2 32. Qc3 Qa7 33. Bh6 Be8 1-0

[Event "Montcalm III 2004-05"]
[Site "Quebec CAN"]
[Date "2004.11.25"]
[Round "2"]
[White "Lapierre, Gaetan"]
[Black "Lessard, Claude"]
[Result "1-0"]
[WhiteElo "1798"]
[BlackElo "1948"]
[PlyCount "113"]
[GameId "2160767911052524"]
[EventDate "2004.11.18"]
[EventType "swiss"]
[EventRounds "5"]
[EventCountry "CAN"]
[SourceTitle "EXT 2006"]
[Source "ChessBase"]
[SourceDate "2005.11.24"]
[SourceVersion "1"]
[SourceVersionDate "2005.11.24"]
[SourceQuality "1"]

1. Nf3 Nf6 2. c4 d6 3. g3 e5 4. Bg2 Be7 5. d4 Nbd7 6. O-O O-O 7. Nc3 c6 8. dxe5 dxe5 9. b3 Qc7 10. e3 Nc5 11. Qc2 Ne8 12. b4 Nd7 13. a3 f5 14. Bb2 Nb6 15. Na4 Nd7 16. c5 e4 17. Nd4 Ne5 18. Qb3+ Kh8 19. Ne6 Bxe6 20. Qxe6 Bf6 21. Qxf5 Nd3 22. Bxe4 g6 23. Bxf6+ Nxf6 24. Qf3 Ne5 25. Qg2 Rae8 26. Bc2 Nfg4 27. h3 Nf3+ 28. Kh1 Nge5 29. Rad1 Nc4 30. Rd3 Nce5 31. Rdd1 Qf7 32. Ra1 Rd8 33. Rfd1 Qc4 34. Rxd8 Rxd8 35. Bd1 Ne1 36. Bb3 Qxb3 37. Rxe1 Rd1 38. Rxd1 Qxd1+ 39. Qg1 Qxa4 40. Qa1 Qb5 41. Qxe5+ Kg8 42. Kg2 a6 43. Qe8+ Kg7 44. Qd7+ Kg8 45. g4 h6 46. Qe8+ Kg7 47. Qe7+ Kg8 48. Qf6 Qd3 49. Kg3 Qxa3 50. Qxg6+ Kf8 51. Qxh6+ Kf7 52. Qf4+ Kg7 53. h4 a5 54. Qd4+ Kf7 55. bxa5 Qxa5 56. g5 Qc7+ 57. Qf4+ 1-0

[Event "Montcalm III 2004-05"]
[Site "Quebec CAN"]
[Date "2004.11.25"]
[Round "2"]
[White "Letourneau, Alex"]
[Black "Moisan, Francois"]
[Result "0-1"]
[WhiteElo "1641"]
[BlackElo "1830"]
[PlyCount "52"]
[GameId "2160767911052525"]
[EventDate "2004.11.18"]
[EventType "swiss"]
[EventRounds "5"]
[EventCountry "CAN"]
[SourceTitle "EXT 2006"]
[Source "ChessBase"]
[SourceDate "2005.11.24"]
[SourceVersion "1"]
[SourceVersionDate "2005.11.24"]
[SourceQuality "1"]

1. d4 Nf6 2. c4 g6 3. Nc3 Bg7 4. e4 d6 5. Be2 O-O 6. Nf3 e5 7. d5 Nbd7 8. Be3 Nc5 9. Bxc5 dxc5 10. Qd2 Ne8 11. h4 Nd6 12. h5 Bd7 13. O-O-O a6 14. hxg6 hxg6 15. Rh2 b5 16. Rdh1 Qf6 17. Nxe5 Qxe5 18. Rh7 b4 19. Nd1 Nxe4 20. Qe3 Nd6 21. Qf3 Bf5 22. Bd3 Bxd3 23. Qxd3 Qf4+ 24. Ne3 Qxf2 25. Nc2 Qf4+ 26. Kb1 Qe5 0-1

[Event "Montcalm III 2004-05"]
[Site "Quebec CAN"]
[Date "2004.11.25"]
[Round "2"]
[White "Ouellet, Michel"]
[Black "Dao, Huy Hao"]
[Result "1-0"]
[WhiteElo "1838"]
[BlackElo "1720"]
[PlyCount "73"]
[GameId "2160767911052526"]
[EventDate "2004.11.18"]
[EventType "swiss"]
[EventRounds "5"]
[EventCountry "CAN"]
[SourceTitle "EXT 2006"]
[Source "ChessBase"]
[SourceDate "2005.11.24"]
[SourceVersion "1"]
[SourceVersionDate "2005.11.24"]
[SourceQuality "1"]

1. e4 c5 2. Nc3 Nc6 3. g3 g6 4. Bg2 Bg7 5. d3 Nf6 6. h3 d6 7. Be3 a6 8. Qd2 Rb8 9. Bh6 O-O 10. h4 Bxh6 11. Qxh6 Ng4 12. Qd2 h5 13. Nh3 Kg7 14. Nf4 b5 15. Nxh5+ gxh5 16. Qg5+ Kh7 17. Qxh5+ Nh6 18. f3 Nd4 19. g4 Rh8 20. Rc1 Ne6 21. Nd5 Bb7 22. Bh3 f6 23. g5 Bxd5 24. Qxh6+ Kg8 25. Qg6+ Kf8 26. exd5 Nf4 27. Qf5 Rxh4 28. gxf6 exf6 29. Kf2 Nxh3+ 30. Rxh3 Rxh3 31. Qxh3 Qb6 32. Qh8+ Kf7 33. Qh7+ Kf8 34. Rg1 c4+ 35. Kf1 Qxg1+ 36. Kxg1 Re8 37. dxc4 1-0

[Event "Montcalm III 2004-05"]
[Site "Quebec CAN"]
[Date "2004.11.25"]
[Round "2"]
[White "Sauve, Richard"]
[Black "Bisson, Real"]
[Result "1-0"]
[WhiteElo "2041"]
[BlackElo "1706"]
[PlyCount "129"]
[GameId "2160767911052527"]
[EventDate "2004.11.18"]
[EventType "swiss"]
[EventRounds "5"]
[EventCountry "CAN"]
[SourceTitle "EXT 2006"]
[Source "ChessBase"]
[SourceDate "2005.11.24"]
[SourceVersion "1"]
[SourceVersionDate "2005.11.24"]
[SourceQuality "1"]

1. d4 d5 2. c4 e6 3. Nc3 Nf6 4. cxd5 exd5 5. Bg5 c6 6. e3 Nbd7 7. Bd3 Qa5 8. Qc2 Bd6 9. Nge2 O-O 10. O-O Re8 11. Rfc1 h6 12. Bf4 Bxf4 13. Nxf4 Nf8 14. a3 Qd8 15. b4 b5 16. a4 g5 17. Nfe2 bxa4 18. Nxa4 Rb8 19. Qxc6 Rxb4 20. Qc3 Rb8 21. Nc5 Ne4 22. Bxe4 dxe4 23. Rxa7 Bf5 24. Ng3 Bg6 25. Rca1 Qc8 26. Qa5 h5 27. Rc7 Qd8 28. Ra7 h4 29. Qxd8 Rbxd8 30. Ne2 f5 31. Kf1 Bf7 32. Ke1 Rb8 33. Nc3 Red8 34. Rc7 Rdc8 35. Rxc8 Rxc8 36. Kd2 Rd8 37. Ra6 Kg7 38. N3a4 Bd5 39. Ra7+ Kf6 40. Nc3 Bf7 41. f3 exf3 42. gxf3 g4 43. fxg4 fxg4 44. N3e4+ Kg6 45. Ra6+ Kg7 46. Ra1 Ne6 47. Rg1 g3 48. hxg3 hxg3 49. Rxg3+ Kf8 50. Nxe6+ Bxe6 51. Nc5 Bd5 52. Rh3 Ke7 53. Rh7+ Kd6 54. Nb7+ Bxb7 55. Rxb7 Kd5 56. Rb5+ Kd6 57. Kd3 Re8 58. e4 Rc8 59. e5+ Ke6 60. Ke4 Rd8 61. Rb6+ Ke7 62. d5 Rd7 63. Rh6 Kd8 64. d6 Rf7 65. e6 1-0

[Event "Montcalm III 2004-05"]
[Site "Quebec CAN"]
[Date "2004.12.02"]
[Round "3"]
[White "Caron, Sebastien"]
[Black "Sauve, Richard"]
[Result "0-1"]
[WhiteElo "1785"]
[BlackElo "2041"]
[PlyCount "98"]
[GameId "2160767911052528"]
[EventDate "2004.11.18"]
[EventType "swiss"]
[EventRounds "5"]
[EventCountry "CAN"]
[SourceTitle "EXT 2006"]
[Source "ChessBase"]
[SourceDate "2005.11.24"]
[SourceVersion "1"]
[SourceVersionDate "2005.11.24"]
[SourceQuality "1"]

1. e4 e6 2. d4 d5 3. Nd2 Nf6 4. e5 Ne4 5. Bd3 Nxd2 6. Bxd2 c5 7. c3 Nc6 8. Ne2 Qb6 9. Qc1 cxd4 10. cxd4 Bd7 11. Bb1 Bb4 12. Kf1 Rc8 13. g3 a6 14. Be3 Be7 15. b3 f5 16. Nf4 O-O 17. h4 Bb4 18. Ne2 Ba3 19. Qd2 Qb4 20. Kg2 Qxd2 21. Bxd2 Bb2 22. Bd3 Bxa1 23. Rxa1 Na7 24. a4 Nc6 25. h5 Kf7 26. g4 g6 27. g5 gxh5 28. Rh1 Rg8 29. Rxh5 Rg7 30. f4 Rh8 31. Kf3 Be8 32. b4 Kg8 33. Rh6 Rg6 34. b5 Rxh6 35. gxh6 axb5 36. axb5 Bh5+ 37. Ke3 Bxe2 38. bxc6 Bxd3 39. cxb7 Kf7 40. Kxd3 Rb8 41. Be1 Kg6 42. Bb4 Kxh6 43. Kc3 Rxb7 44. Kb3 Kh5 45. Ka4 Kg4 46. Ka5 h5 47. Bc5 h4 48. Ka6 Rb1 49. Bb6 h3 0-1